İmar planları, imar uygulamaları ve iptal davaları / (Record no. 13740)

MARC details
000 -BAŞLIK
Sabit Uzunlukta Kontrol Alanı 00766nam a2200241 4500
999 ## - SİSTEM KONTROL NUMARALARI (KOHA)
Koha Biblionumber 13740
Koha Biblioitemnumber 13740
003 - KONTROL NUMARASI IDENTIFIER
Denetim Alanı MIRAKIL
005 - SON İŞLEM TARİHİ VE ZAMANI
Denetim Alanı 20200127160723.0
008 - SABİT-BOY VERİ ELEMANLARI - GENEL BİLGİLER
Sabit Uzunlukta Kontrol Alanı 200127b tu ||||| |||| 00| 0 tur d
020 ## - ULUSLARARASI STANDART KİTAP NUMARASI
Uluslararası Standart Kitap Numarası 9789750164620
040 ## - KATALOGLAMA KAYNAK
Orijinal Kataloglama Ajansı TR-AnCHP
Metne Dönüştürmek Ajansı TR-AnCHP
041 ## - DİL KODU
Metin / Ses Parça Veya Ayrı Başlığın Dil Kodu tur
082 ## - DEWEY ONLU SINIFLANDIRMA NUMARASI
Sınıflandırma Numarası 346.561045
Ürün Numarası Ç64i 2011
100 1# - ANA GİRİŞ - KİŞİSEL İSİM
Kişisel Ad Çolak, İlker
245 10 - BAŞLIK TABLOSU
Başlık İmar planları, imar uygulamaları ve iptal davaları /
Sorumluluk Tablosu, Vb İlker Çolak, Gürsel Öngören.
260 ## - YAYIN, DAĞITIM, VB
Yayın, Dağıtım, Vb Yeri İstanbul:
Yayıncı, Dağıtıcı, Vs Adı Legal Kitapevi,
Yayın, Dağıtım, Vb Tarihi 2011.
300 ## - FİZİKSEL TANIM
Kapsam 240 s.:
Boyutlar 24 sm.
490 0# - SERİSİ TABLOSU
Seri Beyanı Öngören Hukuk Yayınları ;
Hacim / Ardışık Tanımı 4.
504 ## - KAYNAKÇA VB NOT
Kaynakça Vb Notu Kaynakça vardır.
650 #0 - KONU KATMA GİRİŞ - TOPİKAL DÖNEM
9 (RLIN) 6246
Topikal Süreli Veya Coğrafi Ad Giriş Elemanı Özel hukuk
Genel Alt Bölümü Bölgesel planlama
650 #0 - KONU KATMA GİRİŞ - TOPİKAL DÖNEM
9 (RLIN) 6247
Topikal Süreli Veya Coğrafi Ad Giriş Elemanı İmar hukuku
Genel Alt Bölümü Davalar
Coğrafi Alt Bölümü Türkiye
700 ## - KATMA GİRİŞ - KİŞİSEL İSİM
9 (RLIN) 6248
Kişisel Ad Öngören, Gürsel
942 ## - EKLENDİ GİRİŞ ELEMANLARI (KOHA)
Sınıflandırma Veya Raf Düzeni Kaynak Dewey Decimal Classification
Koha Öğesi Türü Books
Holdings
Kalıcı Konum Mevcut Konum Edinme Tarihi Toplam Check-Out'Lar Tam Çağrı Numarası Barkod Tarih Son Görülme İtibaren Geçerli Fiyatlar Koha Öğesi Türü
CHP Kütüphanesi CHP Kütüphanesi 01/27/2020   346.561045 Ç64i 2011 013523 01/27/2020 01/27/2020 Books